000 00336nam a2200133Ia 4500
008 240624s9999 xx 000 0 und d
041 _aeng
082 _a657.3 AGA
100 _aAGARWALA S N L
245 _aASSESSMENT OF BUSINESS PROFITS
260 _c2003
_aNew Delhi
_bTaxmann
300 _axxxiii, : 137 : p. : cm. ; 24
365 _cRS
999 _c2571
_d2571